000
00303nam a2200133Ia 4500
005
20251222141816.0
008
251222s9999||||xx |||||||||||||| ||spa||
082
_a
869.56/H82
100
_a
Huárag, E. J.
245
0
_a
Antes del Juicio a Josefina
250
_a
1ra.ed.
264
_b
Malze
942
_c
LIB
999
_c
6645
_d
6645